MisterMV - Le Nouveau Jeu Fini à la Pisse - Paroles - Statistiques

Statistiques générales
  • Ce quiz a été pris 4 fois
  • Le résultat moyen est 60 sur 80
Statistiques - réponses
Réponses % Correct
à
100%
à
100%
à
100%
adore
100%
amour
100%
avec
100%
c'
100%
C'
100%
ça :
100%
Christiane
100%
es
100%
es
100%
est
100%
Est
100%
est
100%
ferais
100%
finis
100%
finis
100%
j'
100%
jeux
100%
jeux
100%
l'
100%
la
100%
la
100%
la
100%
les
100%
les
100%
moi
100%
nuit
100%
papa,
100%
pisse !
100%
pisse,
100%
pour
100%
pour
100%
pour
100%
p'tits
100%
p'tits
100%
que
100%
t'
100%
T'
100%
ton
100%
ton
100%
tu
100%
Tu
100%
une
100%
une
100%
Ah
67%
AH
67%
ce
67%
ou
67%
OUAIS !
67%
oui
67%
oui
67%
super
67%
Taubira ?
67%
vrai,
67%
16
33%
8
33%
allé
33%
bois
33%
ceux
33%
comme
33%
de
33%
du
33%
énorme
33%
faire
33%
fête
33%
fort !
33%
Marcus !
33%
Maximator.
33%
MisterMV
33%
ont
33%
plein
33%
qui
33%
slip,
33%
tous
33%
trop
33%
anus
0%
bit !
0%
vendre
0%
Aucun quiz correspondant
Distribution des résultats
% des personnes avec chaque résultat
Percentile par nombre de réponses
Votre historique - résultats
Vous n’avez pas pris ce quiz